| 000 | 00391nam a2200157Ia 4500 | ||
|---|---|---|---|
| 005 | 20240628012959.0 | ||
| 008 | 240331s9999 xx 000 0 und d | ||
| 020 | _a0195100816 | ||
| 082 |
_a128.2 _bSTI |
||
| 100 | _aStich,S.P | ||
| 245 | 0 | _aDeconstructing the mind | |
| 260 |
_aNew York _bOxford university press, Inc _c1996 |
||
| 300 | _aviii, 222 p ., | ||
| 650 | _aphilosophy | ||
| 942 | _cL | ||
| 999 |
_c716 _d716 |
||